000 00317 a2200145 4500
001 177137
020 _a
040 _cMagnum
100 _aLima, Cleunice Orlandi de
240 1 0 _aO guarda-noturno
_lpor
245 1 0 _aO guarda-noturno
362 0 _a1899
697 _aMAGNITO: IJ/SOCIEDADE COTIDIAN
942 _cBK
999 _c177137
_d177137